| 000 | 00444nam a2200169 a 4500 | ||
|---|---|---|---|
| 001 | 1029 | ||
| 005 | 20140414131904.0 | ||
| 008 | 041014s19uu xx 00 eng d | ||
| 020 | _a0-590-48398-6 | ||
| 050 |
_aFIC _bC11 1995 |
||
| 100 | _aCalmeson, Stephanie | ||
| 245 |
_aMy Summer camp diary / _cby Stephanie Calmeson. |
||
| 260 |
_aNew York : _bScholastic, _c1995. |
||
| 300 | _a95 p. : ill. ; cm. | ||
| 650 | _aFiction. | ||
| 999 |
_c110821 _d110821 |
||